<?xml version="1.0" encoding="UTF-8"?>
<record
    xmlns:xsi="http://www.w3.org/2001/XMLSchema-instance"
    xsi:schemaLocation="http://www.loc.gov/MARC21/slim http://www.loc.gov/standards/marcxml/schema/MARC21slim.xsd"
    xmlns="http://www.loc.gov/MARC21/slim">

  <leader>00753cam a22002171  4500</leader>
  <controlfield tag="001">ca 17002760 </controlfield>
  <controlfield tag="003">DLC</controlfield>
  <controlfield tag="005">20260227111105.0</controlfield>
  <controlfield tag="008">851221s1912    nyu           000 0 nav  </controlfield>
  <datafield tag="010" ind1=" " ind2=" ">
    <subfield code="a">ca 17002760 </subfield>
  </datafield>
  <datafield tag="035" ind1=" " ind2=" ">
    <subfield code="a">(OCoLC)12948724</subfield>
  </datafield>
  <datafield tag="040" ind1=" " ind2=" ">
    <subfield code="a">DLC</subfield>
    <subfield code="c">DSI</subfield>
    <subfield code="d">DLC</subfield>
  </datafield>
  <datafield tag="042" ind1=" " ind2=" ">
    <subfield code="a">premarc</subfield>
  </datafield>
  <datafield tag="050" ind1="0" ind2="0">
    <subfield code="a">PM2009</subfield>
    <subfield code="b">.B31 1912</subfield>
  </datafield>
  <datafield tag="130" ind1="0" ind2=" ">
    <subfield code="a">Bible.</subfield>
    <subfield code="p">Genesis.</subfield>
    <subfield code="l">Navaho.</subfield>
  </datafield>
  <datafield tag="245" ind1="0" ind2="0">
    <subfield code="a">Mozes bi naltso&#x332;s a&#x1E37;se&#x332;dihigi &#x120;odes&#x1E93;i&#x1E93; holy&#x1EB9;higi inda yistai&#x332;ni&#x332;&#x1E37;&#x1E37;i ba Hani Mark naltso&#x332;s y&#x332;e yiki-iscinigi.</subfield>
    <subfield code="b">Tohatcidi e&#x332;ni&#x1E63;oti dine biza&#x332;dkye&#x1E25;go ayila.</subfield>
  </datafield>
  <datafield tag="260" ind1=" " ind2=" ">
    <subfield code="a">New York,</subfield>
    <subfield code="b">American Bible Society,</subfield>
    <subfield code="c">1912.</subfield>
  </datafield>
  <datafield tag="300" ind1=" " ind2=" ">
    <subfield code="a">3 p. l., 46 p., 1 l., 19 p.</subfield>
    <subfield code="c">21 cm.</subfield>
  </datafield>
  <datafield tag="650" ind1=" " ind2="0">
    <subfield code="a">Navajo language</subfield>
    <subfield code="x">Texts.</subfield>
  </datafield>
  <datafield tag="730" ind1="0" ind2=" ">
    <subfield code="a">Bible.</subfield>
    <subfield code="p">Mark.</subfield>
    <subfield code="l">Navaho.</subfield>
  </datafield>
  <datafield tag="999" ind1=" " ind2=" ">
    <subfield code="c">15204</subfield>
    <subfield code="d">15204</subfield>
  </datafield>
</record>
